| 000 | 00376nam a2200157Ia 4500 | ||
|---|---|---|---|
| 008 | 210210b1902 xxu||||| |||| 00| 0 eng d | ||
| 041 | _aeng | ||
| 082 | _a512/28 | ||
| 100 | _aLANE (W W) | ||
| 245 | _aSpherical trigonometry | ||
| 260 |
_aLondon _bMacmillan & Co. Ltd. _c1902 |
||
| 650 | _atrigonometry | ||
| 650 | _aSpherical | ||
| 690 | _aTrigonometry | ||
| 906 | _a007231 | ||
| 999 |
_c139638 _d139638 |
||